A robust control scheme for nonlinear non-ISO thermal jacketed continuous stirred tank reactor / (Record no. 535579)

000 -LEADER
fixed length control field 00552nam a22001577a 4500
020 ## - INTERNATIONAL STANDARD BOOK NUMBER
Qualifying information Hard Cover.
082 ## - DEWEY DECIMAL CLASSIFICATION NUMBER
Classification number 621.3
100 ## - MAIN ENTRY--PERSONAL NAME
Personal name Wallam, Fahad Abdul Aziz
245 ## - TITLE STATEMENT
Title A robust control scheme for nonlinear non-ISO thermal jacketed continuous stirred tank reactor /
Statement of responsibility, etc. Fahad abdul Aziz Wallam.
260 ## - PUBLICATION, DISTRIBUTION, ETC.
Place of publication, distribution, etc. Islamabad:
Name of publisher, distributor, etc. PNEC NUST,
Date of publication, distribution, etc. 2016.
300 ## - PHYSICAL DESCRIPTION
Extent 60 p. :
Other physical details ill. ;
Dimensions 30cm.
942 ## - ADDED ENTRY ELEMENTS (KOHA)
Source of classification or shelving scheme
Koha item type Thesis
650 ## - SUBJECT ADDED ENTRY--TOPICAL TERM
Topical term or geographic name entry element Electrical Engineering MS-Thesis.
700 ## - ADDED ENTRY--PERSONAL NAME
Personal name Dr. Attaullah
650 ## - SUBJECT ADDED ENTRY--TOPICAL TERM
-- 16073
700 ## - ADDED ENTRY--PERSONAL NAME
-- 30238
Holdings
Withdrawn status Lost status Source of classification or shelving scheme Damaged status Not for loan Permanent Location Current Location Shelving location Date acquired Full call number Barcode Date last seen Price effective from Non-public note Koha item type
          Central Library (CL) Central Library (CL) Thesis 09/17/2020 621.3 CL-T-6126 09/17/2020 09/17/2020 Minute Sheet No. 0929/02/CL/Survey/5 dated 23rd April 2024 E-MIN ID 114741 Thesis
© 2023 Central Library, National University of Sciences and Technology. All Rights Reserved.